00624nam a22002057a 45000010005000000030009000050050017000140080041000310400028000720820020001001000021001202450078001412500012002192600048002313000046002795000020003256500039003456500014003847000020003983312BD-DhUAP20201217143659.0201217r20001986ii a b 001 0 eng  aDLCcDLCdBD-DhUAPbeng00a624.177 WEA223 aWeaver, William. aMatrix analysis of framed structures /cWilliam Weaver and James M. Gere. a2nd ed. aNew Delhi :bCBS, cc1986 [Reprinted 2000]. avii, 492 pages :billustrations ;c22 cm. aIncludes index. aStructural analysis (Engineering). aMatrices. aGere, James M.